Pin Borderless Europe - Easy Mode - Statistics

General Stats
  • This quiz has been taken 87,083 times
  • The average score is 25 of 45
Answers on the Map
Answers color-coded by a green-red scale on the quiz's map according to % correct below.
 
Answer Stats
Country % Correct
Italy
68%
France
67%
Iceland
67%
Ireland
67%
Portugal
67%
Russia
67%
Spain
67%
United Kingdom
67%
Finland
66%
Germany
66%
Greece
66%
Norway
66%
Sweden
66%
Denmark
65%
Poland
63%
Ukraine
63%
Netherlands
62%
Belgium
59%
Estonia
59%
Switzerland
59%
Belarus
56%
Austria
55%
Latvia
55%
Lithuania
54%
Croatia
53%
Malta
53%
Romania
53%
Czechia
52%
Albania
50%
Bulgaria
50%
Bosnia and Herzegovina
48%
Luxembourg
48%
Slovenia
48%
Hungary
47%
Andorra
46%
Moldova
46%
North Macedonia
45%
Serbia
44%
Slovakia
44%
Monaco
43%
Montenegro
41%
Kosovo
39%
Vatican City
39%
San Marino
38%
Liechtenstein
37%
No matching quizzes found
Score Distribution
Percent of People with Each Score
Percentile by Number Answered
Your Score History
You have not taken this quiz